000 00797nam a22001817a 4500
005 20240926140528.0
010 _aHIN-128473
020 _a9789359641362
_c200.00
035 _aHN-100819
037 _bDBAD
082 _a
100 _aजोशी, हिमांशु
_972024
245 _aअग्नि-दीक्षा तथा अन्य कहानियाँ/
_cहिमांशु जोशी
260 _aनई दिल्ली
_bडायमंड पॉकेट बुक्स
_c2024
270 _aX-30, ओखला इंडस्ट्रियल एरिया, फेज-2
_bनई दिल्ली
_e110020
_k011-40712200
_msales@dpb.in
300 _a136 पृ.
_c22 सेमी (अजिल्द)
942 _cHN
_2ddc
_h
_mजोशीहि
999 _c205933
_d205933